00514nam a22001817a 4500003000400000008004100004082001700045100001600062245009600078260006800174300000900242502001700251650001700268650001300285650001200298650001100310650001100321OSt260420b |||||||| |||| 00| 0 eng d a634.44bP27B aPawan Kumar aBearing Behaviour of Some Coloured Mango (Mangifera indica L.) Varieties / cby Pawan Kumar a.- Sabour, Bhagalpurb: Bihar Agricultural College, RAUc, 2003 a84p. bPh. D.d2003 aHorticulture aPomology aMangoes aThesis aPh. D.